| 000 | 00678cam a2200217 4500 | ||
|---|---|---|---|
| 001 | 3916 | ||
| 010 | _a 2007931293 | ||
| 020 | _a9781589191099 (pbk.) | ||
| 100 | 1 |
_aGlahn, Sandra, _d1958- |
|
| 245 | 1 | 0 |
_aInformed consent : _ba novel / _cSandra Glahn. |
| 250 | _a1st ed. | ||
| 260 |
_aColorado Springs, CO : _bDavid C. Cook, _c2007. |
||
| 300 |
_a342 p. ; _c21 cm. |
||
| 650 | 0 |
_aHIV antibodies _vFiction. |
|
| 650 | 0 |
_aMedical ethics _vFiction. |
|
| 650 | 0 |
_aMedical research personnel _vFiction. |
|
| 650 | 0 |
_aTransplantation of organs, tissues, etc. _vFiction. |
|
| 655 | 7 |
_aChristian fiction. _2gsafd |
|
| 655 | 7 |
_aMedical novels. _2gsafd |
|
| 655 | 7 |
_aSuspense fiction. _2gsafd |
|
| 999 |
_c3195 _d3195 |
||